000 00437cam a22001337a 4500
008 180718b1987 xxu||||| |||| 00| 0 eng d
082 _aA81x54 In2/81/4/Pt 8 A & B/4
100 _aCensus of India 1981
245 _aBihar: household tables
260 _aDelhi
_bController of Publications
_c1987
300 _a985+p.
440 _aCensus of India 1981. Series-4, Bihar. Part-VIII A & B (iv)
500 _aContents: Tables HH-8,9,11,12 & 17
999 _c481971
_d481971